Every Country Without an Olympic Medal - Statistics

General Stats
  • This quiz has been taken 733 times
    30 since last reset
  • The average score is 51 of 71
Answer Stats
Answer No. Summer No. Winter % Correct
Andorra 13 14
96%
Belize 14 0
93%
Lesotho 13 0
93%
Sao Tome and Principe 8 0
93%
American Samoa 10 2
89%
Eswatini 12 1
89%
Federated States of Micronesia 7 0
89%
Guinea 13 0
89%
Guinea-Bissau 8 1
89%
Kiribati 6 0
89%
Mali 15 0
89%
Mauritania 11 0
89%
Nauru 8 0
89%
Palau 7 0
89%
Vanuatu 10 0
89%
Antigua and Barbuda 12 0
86%
Bangladesh 11 0
86%
Bhutan 11 0
86%
Brunei 7 0
86%
Chad 14 0
86%
Comoros 8 0
86%
Equatorial Guinea 11 0
86%
Seychelles 11 0
86%
Solomon Islands 11 0
86%
Yemen 9 0
86%
Gambia 11 0
82%
Malawi 12 0
82%
Maldives 10 0
82%
Malta 18 4
82%
Marshall Islands 5 0
82%
Monaco 22 12
82%
Rwanda 11 0
82%
Saint Vincent and the Grenadines 10 0
82%
Sierra Leone 13 0
82%
South Sudan 3 0
82%
Timor-Leste 6 3
82%
Tuvalu 5 0
82%
Benin 13 1
79%
Democratic Republic of the Congo 12 0
79%
Laos 11 0
79%
Oman 11 0
79%
Cambodia 11 0
75%
Liberia 14 0
75%
Libya 12 0
75%
Myanmar 19 0
75%
Nepal 15 4
75%
Papua New Guinea 12 0
75%
Saint Kitts and Nevis 8 0
75%
Somalia 11 0
75%
Honduras 13 1
71%
Madagascar 14 4
71%
Angola 11 0
68%
Central African Republic 12 0
68%
Republic of the Congo 14 0
68%
Bolivia 16 8
64%
El Salvador 13 0
61%
Nicaragua 14 0
61%
Palestine 8 0
61%
Bosnia and Herzegovina 9 9
54%
Guam 10 1
54%
Korea 0 1
50%
Aruba 10 0
46%
Republic of China 3 0
46%
British Virgin Islands 11 2
43%
Cayman Islands 12 2
39%
Cook Islands 10 0
32%
Saar 1 0
18%
South Yemen 1 0
14%
Malaya 2 0
11%
North Yemen 2 0
11%
North Borneo 1 0
7%
No matching quizzes found
Score Distribution
Percent of People with Each Score
Percentile by Number Answered
Your Score History
You have not taken this quiz since the last reset